Child poverty and disparities in Egypt : (Record no. 27987)
[ view plain ]
| 000 -الفاتح | |
|---|---|
| حقل البيانات ثابتة الطول | 01175nam a22002897a 4500 |
| 003 - محدد رقم الضبط | |
| رقم الضبط | EG-ScBUE |
| 005 - وقت وتاريخ اخر تعامل مع التسجيلة | |
| رقم الضبط | 20200202102535.0 |
| 008 - عناصر البيانات ثابتة الطول - معلومات عامة | |
| حقل البيانات ثابتة الطول | 200202s2010 ua ao f b 000 0 eng d |
| 040 ## - مصدر الفهرسة | |
| وكالة الفهرسة الأصلية | EG-ScBUE |
| لغة الفهرسة | eng |
| قواعد الوصف | rda |
| وكالة النسخ | EG-ScBUE |
| وكالة التعديل | EG-ScBUE |
| 043 ## - رمز المنطقة الجغرافية | |
| رمز المنطقة الجغرافية | f-ua--- |
| 082 04 - رقم تصنيف ديوى العشرى | |
| رقم التصنيف | 305.230962 |
| رقم المادة | CHI |
| رقم الطبعة | 22 |
| 245 00 - بيان العنوان | |
| العنوان | Child poverty and disparities in Egypt : |
| بقية العنوان | building the social infrastructure for Egypt's future. |
| 246 34 - العنوان الموازى | |
| عنوان صحيح/عنوان مختصر | Child poverty and disparities in Egypt : |
| بقية العنوان | building the social infrastructure for Egypt's future : global study on child poverty and disparities |
| 264 #1 - النشر، التوزيع | |
| مكان الناشر او الموزع | Egypt : |
| اسم الناشر او الموزع | UNICEF, |
| تاريخ النشر أو التوزيع | 2010. |
| 300 ## - الوصف المادى | |
| التعداد | 27 pages : |
| تفاصيل ماديه اخرى للوعاء | illustrations (some color), photographs ; |
| أبعاد الوعاء | 27 سم |
| 336 ## - نوع المحتوى | |
| source | rdacontent |
| Carrier Type Term | نص |
| Content Type Code | txt |
| 337 ## - نوع الوسيط | |
| source | rdamedia |
| Media Type Term | بدون وسيط |
| Media Type Code | n |
| 338 ## - نوع الحامل أو الناقل | |
| source | rdacarrier |
| Carrier Type Term | مجلد |
| Carrier Type Code | nc |
| 504 ## - تبصرة ببليوجرافية | |
| تبصرة ببليوجرافية,الخ | يشتمل على إرجاعات ببليوجرافية. |
| 541 ## - تبصرة المصدر المباشر للتزويد | |
| مصدر التزويد | دكتور شومان ؛ |
| طريقة التزويد | إهداء |
| 650 #7 - المدخل الاضافى بالموضوع-مصطلح موضوعى | |
| مصطلح موضوعي أو اسم جغرافي كعنصر مدخل | Poor children |
| التقسيم الفرعي الجغرافي | Egypt |
| التقسيم الفرعي العام | Social conditions. |
| مصدر الرأس أو المصطلح | BUEsh |
| 650 #7 - المدخل الاضافى بالموضوع-مصطلح موضوعى | |
| مصطلح موضوعي أو اسم جغرافي كعنصر مدخل | Poor children |
| التقسيم الفرعي العام | Abuse of |
| التقسيم الفرعي الجغرافي | Egypt. |
| مصدر الرأس أو المصطلح | BUEsh |
| 650 #7 - المدخل الاضافى بالموضوع-مصطلح موضوعى | |
| مصطلح موضوعي أو اسم جغرافي كعنصر مدخل | Poor children |
| التقسيم الفرعي العام | Education |
| التقسيم الفرعي الجغرافي | Egypt. |
| مصدر الرأس أو المصطلح | BUEsh |
| 653 ## - مصطلح تكشيفى غير مقيد | |
| Resource For college | Generalities |
| Arrived date list | January2020 |
| 655 ## - مصطلح تكشيفى-نوع/شكل | |
| التقسيم الفرعي الشكلي | Reading book |
| 942 ## - عناصر المدخل الإضافي( كوها) | |
| مصدر التصنيف او مخطط الترفيف | Dewey Decimal Classification |
| حالة التراجع | حالة الفقد | مصدر التصنيف او خطة الترفيف | حالة تلف | ليس للاعارة | مجموعات كوها | المكان الدائم | المكان الحالي | موقع الترفيف | تاريخ الاكتساب | Source of acquisition | رقم الاستدعاء | الباركود | Date last seen | تبصرة غير عامة( المفوع للعناصر المفقوده) | نوع الوعاء | مُعار |
|---|---|---|---|---|---|---|---|---|---|---|---|---|---|---|---|---|
| Dewey Decimal Classification | Donation-Gift | Central Library | Central Library | Ground Floor | 02/02/2020 | Donation | 305.230962 CHI | 000048559 | 15/07/2025 | Donation from Dr. Shoman | NB - Book (Non borrowing) | |||||
| Dewey Decimal Classification | Donation-Gift | Central Library | Central Library | Ground Floor | 02/02/2020 | Donation | 305.230962 CHI | 000048560 | 15/07/2025 | Donation from Dr. Shoman | Book - Borrowing | |||||
| Dewey Decimal Classification | Donation-Gift | Central Library | Central Library | Ground Floor | 02/02/2020 | Donation | 305.230962 CHI | 000048561 | 15/07/2025 | Donation from Dr. Shoman | Book - Borrowing | 17/10/2021 | ||||
| Dewey Decimal Classification | Donation-Gift | Central Library | Central Library | Ground Floor | 02/02/2020 | Donation | 305.230962 CHI | 000048562 | 25/09/2024 | Donation from Dr. Shoman | Book - Borrowing |